000 03521nam a22003377a 4500
003 gtgcusco
005 20250718125220.0
008 250718b |||||||| |||| 00| 0 sp d
040 _agtgcusco
_bspa
_cgtgcusco
_dgtgcusco
_eRDA
041 _aspa
084 _aT2766
099 _a T2766
100 1 0 _aSandoval Estrada, Luis Pedro
_914086
245 _aEfectividad en la aplicación de fibrina rica en plaquetas y leucocitos como material contribuyente a la cicatrización de alveolos postextracción de terceros molares realizadas en la Facultad de Odontología de la Universidad de San Carlos de Guatemala /
_cLuis Pedro Sandoval Estrada. --
260 _aGuatemala :
_b Facultad de Odontología,
_c2025.
300 _a123 p. :
_b il. ;
_c 27 cm.
336 _2rdacontenido
_atexto
_btxt
337 _2rdamedio
_asin mediación
_bn
338 _2rdasoporte
_avolumen
_bnc
500 _a Tesis (Cirujano Dentista). -- USAC.
520 _aEl objetivo de este estudio es la determinación de la efectividad de fibrina rica en plaquetas como auxiliar en la cicatrización de alveolos postextracción luego de la cirugía de terceros molares, en pacientes tratados en las clínicas de la Facultad de Odontología de la Universidad de San Carlos de Guatemala. Para ello se generó la fibrina rica en plaquetas y leucocitos mediante la toma de 5 tubos de ensayos en cada participante de este estudio, previo a la cirugía de terceros molares. Se obtuvo un concentrado de L-PRF por cada tubo de ensayo, generando un total de 4 concentrados plaquetarios mediante el uso de una centrifuga que fueron aplicados en cada alveolo postextracción. El quinto tubo de ensayo se utilizó para realizar una prueba de proteína C reactiva. Se tomó una muestra de 20 pacientes divididos en dos grupos, de 10 integrantes cada uno. Se estableció un grupo control y un grupo experimental, a este se le aplicó la fibrina rica en plaquetas y leucocitos. Para medir la efectividad de la L-PRF en relación con la inflamación, se tomó el quinto tubo de ensayo y se realizó la prueba de proteína C reactiva (PCR). Respecto al dolor, se utilizó la escala visual análoga del dolor (EVA) y en relación con el grado de cicatrización se usó la escala de evaluación objetiva de paciente y observador (POSAS). Dichas mediciones fueron realizadas una semana y 15 días luego de la cirugía de terceros molares. Se utilizó la prueba U de Mann-Whitney en el programa Kwistat para los análisis estadísticos de los datos obtenidos. En este estudio de tesis no se obtuvo la evidencia científica suficiente para demostrar los beneficios en la aplicación de la fibrina rica en plaquetas y leucocitos en alveolospostextracción de terceros molares respecto a la inflamación una semana y quince días luego de la cirugía. De la misma manera tampoco se pudo demostrar una diferencia estadísticamente significativa en la utilización de este biomaterial en relación con el nivel de dolor presentado y el proceso de cicatrización siete y quince días posteriores al procedimiento quirúrgico, en comparación con el grupo control.
650 0 2 _aCirugía bucal
_9379
650 0 2 _aFibrina rica en plaquetas
_914087
650 0 2 _aCicatrización de heridas
_98991
650 0 2 _aAlveolo dental
_xCicatrización de heridas
_914088
650 0 2 _aTercer molar
700 _aRecinos Martínez, Claudeth
_easesor
_91476
856 _uhttp://www.repositorio.usac.edu.gt/id/eprint/21405
_zTexto completo
942 _2ddc
_cTESIS
_n0
999 _c5873
_d5873